[Event "SR 2. liga A 2015/2016"]
[Site "?"]
[Date "2015.12.06"]
[Round "6.6"]
[White "Macko, Peter"]
[Black "Breja, Stanislav"]
[Result "1-0"]
[WhiteElo "2136"]
[BlackElo "2002"]
[PlyCount "59"]
[EventDate "2015.??.??"]

1. e4 e5 2. Nf3 Nf6 3. Nxe5 d6 4. Nxf7 Kxf7 5. d4 Be7 6. Nc3 Rf8 7. Bc4+ Be6 8.
Bxe6+ Kxe6 9. Qf3 Kf7 10. e5 c6 11. exf6 Bxf6 12. O-O Kg8 13. Qg4 d5 14. Be3
Qd7 15. Qh5 Na6 16. Ne2 Rae8 17. c3 Nc7 18. Nf4 Nb5 19. Nd3 Nd6 20. Rae1 g6 21.
Qd1 Bg7 22. Bf4 Nc4 23. Rxe8 Qxe8 24. Re1 Qf7 25. Bg3 Re8 26. b3 Rxe1+ 27. Qxe1
Nb6 28. Nc5 Bf8 29. Ne6 Nd7 30. Nd8 1-0

[Event "SR 2. liga A 2015/2016"]
[Site "?"]
[Date "2015.12.06"]
[Round "6.6"]
[White "Briestenska, Andrea"]
[Black "Vrtiakova, Anna"]
[Result "1/2-1/2"]
[WhiteElo "1979"]
[BlackElo "1970"]
[PlyCount "42"]
[EventDate "2015.??.??"]

1. f4 d5 2. Nf3 c5 3. e3 Nf6 4. Bb5+ Bd7 5. Qe2 e6 6. b3 Be7 7. Bb2 O-O 8. O-O
a6 9. Bxd7 Nbxd7 10. d3 b5 11. e4 dxe4 12. dxe4 Rc8 13. Nbd2 Nb6 14. c4 bxc4
15. Nxc4 Nxc4 16. Qxc4 Qb6 17. Bxf6 Bxf6 18. e5 Be7 19. Rfd1 Rfd8 20. Rac1 Qb7
21. h3 g6 1/2-1/2

[Event "SR 2. liga A 2015/2016"]
[Site "?"]
[Date "2015.12.06"]
[Round "6.6"]
[White "Lintner, Igor Ml"]
[Black "Kostolansky, Sebastian Lukas"]
[Result "0-1"]
[WhiteElo "2103"]
[BlackElo "1852"]
[PlyCount "86"]
[EventDate "2015.??.??"]

1. e4 e6 2. d4 d5 3. Nc3 Bb4 4. e5 c5 5. a3 Bxc3+ 6. bxc3 Qa5 7. Bd2 Qa4 8. Qg4
g6 9. Ra2 Bd7 10. Nf3 Bb5 11. Rb2 Bxf1 12. Kxf1 Qxa3 13. Rb1 Qa2 14. Rc1 c4 15.
Ng5 Qa4 16. h4 h5 17. Qf3 Qd7 18. g4 Qe7 19. Rh3 Nc6 20. Ra1 a5 21. Qf4 b5 22.
Rf3 Ra7 23. Kg2 Nd8 24. Ra2 hxg4 25. Qxg4 Nh6 26. Qf4 Nf5 27. Rh3 Rh5 28. Nf3
Nc6 29. Nh2 Rxh4 30. Rxh4 Qxh4 31. Ng4 a4 32. Bc1 Kd7 33. Ba3 Ra8 34. Ra1 Rh8
35. f3 g5 36. Nf6+ Kc7 37. Nxd5+ Kb7 38. Qxh4 Nxh4+ 39. Kg3 exd5 40. Kg4 Rg8
41. f4 Ng2 42. fxg5 Ne3+ 43. Kh5 Rh8# 0-1

[Event "SR 2. liga A 2015/2016"]
[Site "?"]
[Date "2016.01.24"]
[Round "7.1"]
[White "Drtina, Milan"]
[Black "Lanc, Alois"]
[Result "0-1"]
[WhiteElo "2176"]
[BlackElo "2325"]
[PlyCount "66"]
[EventDate "2015.??.??"]

1. e4 Nf6 2. Nc3 c5 3. Nf3 d6 4. Bb5+ Nbd7 5. d4 cxd4 6. Nxd4 g6 7. O-O Bg7 8.
Kh1 O-O 9. Nb3 a6 10. Be2 b5 11. a4 b4 12. Nd5 a5 13. c3 Nxd5 14. Qxd5 Nb6 15.
Qd2 bxc3 16. bxc3 Bb7 17. f3 d5 18. Nc5 Bc6 19. Rb1 Qc7 20. Na6 Rxa6 21. Bxa6
dxe4 22. fxe4 Nxa4 23. Bd3 Nxc3 24. Rb3 Nxe4 25. Bxe4 Bxe4 26. Ra3 Qc4 27. Re1
a4 28. Bb2 Bxb2 29. Qxb2 Rc8 30. Qa2 Bd5 31. Qf2 Qc2 32. Qg3 Qb2 33. Rxa4 Rc2
0-1

[Event "SR 2. liga A 2015/2016"]
[Site "?"]
[Date "2016.01.24"]
[Round "7.1"]
[White "Jakubec, Milan"]
[Black "Puskar, Peter"]
[Result "0-1"]
[WhiteElo "2053"]
[BlackElo "2218"]
[PlyCount "84"]
[EventDate "2015.??.??"]

1. e4 c5 2. Nf3 d6 3. d4 cxd4 4. Nxd4 Nf6 5. f3 g6 6. c4 Bg7 7. Be3 Nc6 8. Qd2
O-O 9. Be2 a6 10. Nc3 Bd7 11. O-O Rb8 12. Nxc6 Bxc6 13. a4 Nd7 14. b4 b6 15.
Ra3 Qc7 16. Rc1 Rfc8 17. Nd5 Bxd5 18. exd5 a5 19. Ra2 axb4 20. Qxb4 Ra8 21. Rb1
Rcb8 22. Kf1 Ra5 23. Bf2 Nc5 24. Ra3 Bf6 25. Bd1 Rb7 26. g3 Qc8 27. Kg2 Kg7 28.
Bxc5 Rxc5 29. Bb3 Qf5 30. Qe1 h5 31. Ra2 h4 32. Bc2 h3+ 33. Kf2 Bd4+ 34. Ke2
Qf6 35. Kd3 Rbc7 36. Bb3 e6 37. Qe4 Bc3 38. Rc2 exd5 39. cxd5 Be5 40. Bc4 Ra7
41. f4 Ba1 42. Rb4 Re7 0-1

[Event "SR 2. liga A 2015/2016"]
[Site "?"]
[Date "2016.01.24"]
[Round "7.1"]
[White "Nicolini, Alexander"]
[Black "Kozinka, Roman"]
[Result "1/2-1/2"]
[WhiteElo "2152"]
[BlackElo "1964"]
[PlyCount "88"]
[EventDate "2015.??.??"]

1. e4 c5 2. Nf3 d6 3. c3 Nf6 4. Bd3 Nc6 5. Bc2 g6 6. O-O Bg7 7. h3 O-O 8. Qe2
Qc7 9. Rd1 a6 10. d4 cxd4 11. cxd4 e6 12. Nc3 b5 13. Bf4 b4 14. Na4 a5 15. Rac1
Nh5 16. Be3 Ba6 17. Bd3 Bxd3 18. Qxd3 Qb7 19. d5 Ne5 20. Nxe5 Bxe5 21. Rc6 exd5
22. exd5 Qe7 23. Nb6 Rae8 24. Nc4 a4 25. Bh6 Nf4 26. Bxf4 Bxf4 27. g3 Be5 28.
b3 axb3 29. axb3 Ra8 30. Qe2 Rfe8 31. Kg2 Qf6 32. Qf3 Qe7 33. Re1 Ra2 34. Re2
Rea8 35. Rb6 Rxe2 36. Qxe2 Ra1 37. Rxb4 Qg5 38. Qe3 Qf5 39. Ra4 Rxa4 40. bxa4
Bxg3 41. Qf3 Bf4 42. a5 Qg5+ 43. Kf1 Qf6 44. Qe4 g5 1/2-1/2

[Event "SR 2. liga A 2015/2016"]
[Site "?"]
[Date "2016.01.24"]
[Round "7.1"]
[White "Lopatievov, Alexander"]
[Black "Szitkey, Milan"]
[Result "1/2-1/2"]
[WhiteElo "1873"]
[BlackElo "2114"]
[PlyCount "38"]
[EventDate "2015.??.??"]

1. b4 e6 2. Bb2 Nf6 3. a3 b6 4. Nf3 Bb7 5. e3 Be7 6. Be2 O-O 7. c4 c5 8. bxc5
bxc5 9. d4 Qb6 10. Qc1 Na6 11. Nbd2 Rab8 12. Rb1 Qc6 13. O-O Rfc8 14. Bd3 d6
15. Re1 h6 16. Qc2 Ba8 17. Bc3 Bd8 18. Rxb8 Rxb8 19. Rb1 Rxb1+ 1/2-1/2

[Event "SR 2. liga A 2015/2016"]
[Site "?"]
[Date "2016.01.24"]
[Round "7.1"]
[White "Sturdik, Igor"]
[Black "Zarecky, Eduard"]
[Result "1-0"]
[WhiteElo "1988"]
[BlackElo "1877"]
[PlyCount "47"]
[EventDate "2015.??.??"]

1. e4 e5 2. Nf3 Nc6 3. d4 exd4 4. Bc4 Be7 5. Nxd4 Nxd4 6. Qxd4 Bf6 7. e5 Qe7 8.
O-O Qxe5 9. Qxe5+ Bxe5 10. Re1 d6 11. f4 Be6 12. fxe5 Bxc4 13. exd6+ Kd7 14.
dxc7 Kxc7 15. Bf4+ Kc6 16. Nd2 Be6 17. Nf3 Re8 18. Rad1 Nf6 19. Nd4+ Kc5 20.
Nxe6+ Rxe6 21. Rxe6 fxe6 22. Be5 h6 23. Kf1 Rf8 24. Bd6+ 1-0

[Event "SR 2. liga A 2015/2016"]
[Site "?"]
[Date "2016.01.24"]
[Round "7.1"]
[White "Capanda, Jan"]
[Black "Puchart, Vladimir"]
[Result "1/2-1/2"]
[WhiteElo "1867"]
[BlackElo "2040"]
[PlyCount "108"]
[EventDate "2015.??.??"]

1. e4 c5 2. Nf3 d6 3. h3 a6 4. c4 Nc6 5. b3 Nf6 6. d3 g6 7. Bb2 Bg7 8. Nbd2 O-O
9. Rb1 b5 10. Be2 Qa5 11. Qc1 Nh5 12. Bxg7 Kxg7 13. g3 Rb8 14. Kf1 e5 15. Kg2
f5 16. Qb2 Nf6 17. Rhc1 Be6 18. cxb5 axb5 19. a3 b4 20. a4 Nd4 21. Nxd4 exd4
22. Qc2 Rbe8 23. f3 Nd7 24. Re1 Qd8 25. f4 Qf6 26. Bf3 g5 27. fxg5 Qxg5 28. Rf1
Ne5 29. Rbe1 Kh8 30. exf5 Bxf5 31. Rxe5 dxe5 32. Rf2 Qe3 33. Ne4 Bxe4 34. Bxe4
Rxf2+ 35. Qxf2 Qxf2+ 36. Kxf2 Re7 37. Bf5 Kg7 38. Kf3 Kf6 39. Ke4 h5 40. g4
hxg4 41. hxg4 Kg5 42. Kd5 Kf4 43. Be4 Rc7 44. Kc4 Kxg4 45. a5 Ra7 46. Kxc5
Rxa5+ 47. Kxb4 Ra1 48. Kc5 Re1 49. Kc4 Kf4 50. Bg6 Rc1+ 51. Kd5 Rb1 52. Kc4
Rc1+ 53. Kd5 Rb1 54. Kc4 Rc1+ 1/2-1/2

[Event "SR 2. liga A 2015/2016"]
[Site "?"]
[Date "2016.01.24"]
[Round "7.1"]
[White "Doucha, Ludvig"]
[Black "Mackovic, Miroslav"]
[Result "1-0"]
[WhiteElo "1955"]
[BlackElo "1868"]
[PlyCount "55"]
[EventDate "2015.??.??"]

1. d4 Nf6 2. Nf3 g6 3. Nbd2 Bg7 4. e4 d6 5. h3 Nfd7 6. Bd3 c5 7. d5 a6 8. a4
Ne5 9. Nxe5 Bxe5 10. Nc4 Bg7 11. O-O Nd7 12. f4 Rb8 13. a5 O-O 14. Qe2 Re8 15.
Bd2 Nf8 16. f5 Nd7 17. Bf4 Ne5 18. Bxe5 Bxe5 19. Nxe5 dxe5 20. Bc4 gxf5 21.
exf5 Qd6 22. Rae1 f6 23. Qh5 Rf8 24. Re4 Rf7 25. Rg4+ Kf8 26. Qh6+ Ke8 27. Rg8+
Kd7 28. Qh5 1-0

[Event "SR 2. liga A 2015/2016"]
[Site "?"]
[Date "2016.01.24"]
[Round "7.1"]
[White "Gajarsky, Julius"]
[Black "Mosny, Jaroslav"]
[Result "0-1"]
[WhiteElo "1797"]
[BlackElo "1958"]
[PlyCount "88"]
[EventDate "2015.??.??"]

1. d4 Nf6 2. Nf3 d5 3. Bf4 Bf5 4. c4 e6 5. Nc3 Bd6 6. Bxd6 Qxd6 7. c5 Qe7 8. e3
O-O 9. Bd3 Bxd3 10. Qxd3 c6 11. O-O Nbd7 12. b4 e5 13. Nd2 e4 14. Qe2 Ne8 15.
a4 f5 16. f4 g5 17. b5 gxf4 18. Rxf4 Nc7 19. Raf1 Qg5 20. Qf2 Rae8 21. Rxf5
Rxf5 22. Qxf5 Qxe3+ 23. Kh1 Re7 24. Qf4 Qxf4 25. Rxf4 Ne6 26. Rg4+ Kf8 27. Ne2
Rf7 28. Kg1 Nf6 29. Rg3 Nh5 30. Re3 Nhg7 31. g3 Nf5 32. Rb3 Nfxd4 33. Nxd4 Nxd4
34. Rb1 Ke7 35. bxc6 bxc6 36. Rb7+ Ke6 37. Rxf7 Kxf7 38. Kf2 Ke6 39. Ke3 Ke5
40. Kf2 Ne6 41. Nb3 d4 42. Na5 Kd5 43. Nb7 Nxc5 44. Nxc5 Kxc5 0-1

[Event "SR 2. liga A 2015/2016"]
[Site "?"]
[Date "2016.01.24"]
[Round "7.2"]
[White "Spacek, Oliver"]
[Black "Sosna, Jan"]
[Result "0-1"]
[WhiteElo "2181"]
[BlackElo "2345"]
[PlyCount "62"]
[EventDate "2015.??.??"]

1. d4 d5 2. c4 e6 3. Nc3 c6 4. e4 dxe4 5. Nxe4 Bb4+ 6. Bd2 Qxd4 7. Bxb4 Qxe4+
8. Be2 Nd7 9. Qd6 a5 10. Ba3 c5 11. Nf3 Ra6 12. Qg3 Ne7 13. Rd1 Nf5 14. Qc7 O-O
15. h4 e5 16. Ng5 Qc6 17. Qxc6 Rxc6 18. Bf3 Rc7 19. Bd5 Nd4 20. O-O Nf6 21.
Rfe1 Nxd5 22. cxd5 f6 23. Ne4 b6 24. Re3 Bb7 25. d6 Rd7 26. Bxc5 bxc5 27. Nxc5
Rxd6 28. Nxb7 Ne2+ 29. Rxe2 Rxd1+ 30. Kh2 Rd5 31. Re3 Rb8 0-1

[Event "SR 2. liga A 2015/2016"]
[Site "?"]
[Date "2016.01.24"]
[Round "7.2"]
[White "Kapusta, Petr"]
[Black "Jablonicky, Frantisek"]
[Result "1-0"]
[WhiteElo "2116"]
[BlackElo "2118"]
[PlyCount "107"]
[EventDate "2015.??.??"]

1. e4 c5 2. Nf3 e6 3. c3 Nf6 4. e5 Nd5 5. d4 cxd4 6. cxd4 d6 7. Nc3 Be7 8. Bd3
Nc6 9. O-O Nxc3 10. bxc3 dxe5 11. dxe5 Qa5 12. Qb3 O-O 13. Bf4 b6 14. Rad1 Rd8
15. Bb1 Ba6 16. Qc2 g6 17. Rfe1 Rxd1 18. Rxd1 Rd8 19. Rxd8+ Bxd8 20. Qd2 Qb5
21. Qd1 Qe2 22. Qxe2 Bxe2 23. Nd4 Nxd4 24. cxd4 b5 25. f3 Bb6 26. Kf2 Bc4 27.
Ke3 Kf8 28. Bd3 Bxa2 29. Bxb5 f6 30. exf6 Kf7 31. Be5 Bd8 32. Ba6 Bd5 33. g4 g5
34. h4 Bxf6 35. Bb8 gxh4 36. Bxa7 h6 37. Bf1 Bg5+ 38. f4 Bf6 39. Bb8 Kg6 40.
Be5 Be7 41. Bd3+ Kf7 42. Be4 Bb3 43. Kf2 Bb4 44. g5 hxg5 45. fxg5 Be7 46. g6+
Kg8 47. Kf3 Bd5 48. Bxd5 exd5 49. Kg4 Bd8 50. Kf5 Kf8 51. Ke6 Kg8 52. Kxd5 Bb6
53. Ke4 h3 54. Kf3 1-0

[Event "SR 2. liga A 2015/2016"]
[Site "?"]
[Date "2016.01.24"]
[Round "7.2"]
[White "Londin, Martin"]
[Black "Ocko, Martin"]
[Result "0-1"]
[WhiteElo "1927"]
[BlackElo "1966"]
[PlyCount "64"]
[EventDate "2015.??.??"]

1. e4 c5 2. Nf3 Nc6 3. Bb5 g6 4. Bxc6 bxc6 5. d3 Bg7 6. O-O d6 7. c3 e5 8. a4
Ne7 9. a5 O-O 10. Nbd2 Rb8 11. Nc4 f5 12. a6 h6 13. Re1 Kh7 14. h3 Qc7 15. Ra4
Be6 16. exf5 Nxf5 17. b4 cxb4 18. cxb4 Bd5 19. Ne3 Nxe3 20. Bxe3 Rxf3 21. gxf3
Rf8 22. Qc1 Rxf3 23. Kf1 Qf7 24. Ke2 e4 25. Rf1 exd3+ 26. Kxd3 Be4+ 27. Ke2 Qd5
28. Ra5 Qd3+ 29. Ke1 Rxh3 30. Ra3 Qb5 31. Bd2 Bf3 32. Re3 Qxf1+ 0-1

[Event "SR 2. liga A 2015/2016"]
[Site "?"]
[Date "2016.01.24"]
[Round "7.2"]
[White "Pericka, Tomas"]
[Black "Berger, Patrik"]
[Result "0-1"]
[WhiteElo "2016"]
[BlackElo "1949"]
[PlyCount "74"]
[EventDate "2015.??.??"]

1. e4 c5 2. Nf3 d6 3. Bb5+ Bd7 4. Qe2 Nc6 5. c3 e6 6. O-O Be7 7. d4 cxd4 8.
cxd4 Nf6 9. Nc3 O-O 10. e5 dxe5 11. dxe5 Nd5 12. Nxd5 exd5 13. Rd1 Be6 14. Be3
Qa5 15. a3 Rfd8 16. b4 Qc7 17. Rac1 Bg4 18. Bf4 Qb6 19. Ba4 Nd4 20. Rxd4 Bxf3
21. Qd2 Qg6 22. Bg3 Bg5 23. Qc3 Bxc1 24. Qxf3 Qb1 25. Bd1 Bg5 26. h4 Be7 27.
Rg4 Rac8 28. Bf4 Qe4 29. Qg3 g6 30. Bd2 Qf5 31. Bb3 a5 32. bxa5 Bxa3 33. h5
Qxh5 34. e6 fxe6 35. Rg5 Qh6 36. Rxd5 Rc1+ 37. Bxc1 Qxc1+ 0-1

[Event "SR 2. liga A 2015/2016"]
[Site "?"]
[Date "2016.01.24"]
[Round "7.2"]
[White "Vepy, Ivan"]
[Black "Danada, Ondrej"]
[Result "0-1"]
[WhiteElo "1920"]
[BlackElo "1945"]
[PlyCount "60"]
[EventDate "2015.??.??"]

1. e4 c6 2. d4 d5 3. e5 c5 4. c3 Nc6 5. Bb5 Qb6 6. Bxc6+ bxc6 7. Ne2 cxd4 8.
cxd4 Bf5 9. Nbc3 e6 10. O-O Qa6 11. Be3 Rb8 12. Qd2 Ne7 13. a3 Nc8 14. Nd1 Nb6
15. Bg5 h6 16. Bh4 Nc4 17. Qc3 Qb5 18. f4 g5 19. fxg5 Be7 20. Rf2 hxg5 21. Bg3
a5 22. Nc1 a4 23. Qf3 Qb6 24. Ne2 Nxb2 25. Ne3 Bg6 26. Ng4 Nc4 27. Nf6+ Kd8 28.
Qg4 Qb2 29. Rc1 Qd2 30. Re1 Qxe1+ 0-1

[Event "SR 2. liga A 2015/2016"]
[Site "?"]
[Date "2016.01.24"]
[Round "7.2"]
[White "Krupa, Miroslav"]
[Black "Hrubsa, Marian"]
[Result "0-1"]
[WhiteElo "1762"]
[BlackElo "1811"]
[PlyCount "70"]
[EventDate "2015.??.??"]

1. e4 e6 2. d4 d5 3. Nd2 Nf6 4. e5 Nfd7 5. Bd3 c5 6. c3 Nc6 7. Ne2 cxd4 8. cxd4
f6 9. exf6 Nxf6 10. Nf3 Bd6 11. O-O O-O 12. a3 Bd7 13. Bg5 Qe8 14. Qc2 Qh5 15.
b4 Bxh2+ 16. Nxh2 Qxg5 17. Nf3 Qh6 18. b5 Ne7 19. Ne5 Rac8 20. Qb2 Ng6 21. Nxg6
hxg6 22. f4 Ng4 23. Rf3 Qh2+ 24. Kf1 Qh1+ 25. Ng1 Nh2+ 26. Kf2 Nxf3 27. Nxf3
Qh6 28. g3 Qh3 29. Bxg6 Rf6 30. Bd3 Rh6 31. Rg1 Qh5 32. Qb4 Qe8 33. a4 Rc7 34.
Rd1 Qc8 35. Ne5 Be8 {cas} 0-1

[Event "SR 2. liga A 2015/2016"]
[Site "?"]
[Date "2016.01.24"]
[Round "7.2"]
[White "Planka, Peter"]
[Black "Ulehla, Jakub"]
[Result "1/2-1/2"]
[WhiteElo "1739"]
[BlackElo "1687"]
[PlyCount "81"]
[EventDate "2015.??.??"]

1. e4 c5 2. Nf3 Nc6 3. d4 cxd4 4. Nxd4 Nf6 5. Nc3 g6 6. Be3 Bg7 7. Be2 d5 8.
exd5 Nxd5 9. Nxd5 Qxd5 10. Bf3 Qa5+ 11. c3 Bd7 12. Nxc6 Bxc6 13. Bxc6+ bxc6 14.
O-O Qc7 15. Qc2 O-O 16. Rac1 Rfd8 17. b3 Rd7 18. Rfd1 Rad8 19. c4 Bb2 20. Rb1
a6 21. g3 Be5 22. Rxd7 Qxd7 23. Re1 Bc7 24. Qc3 Qf5 25. Rc1 Qf3 26. Bd4 Qe4 27.
Be3 Be5 28. Qc2 Qf3 29. Re1 Bf6 30. Qe2 Qf5 31. Rd1 Qc8 32. Rxd8+ Qxd8 33. Qd2
Qxd2 34. Bxd2 Kf8 35. Kf1 Ke8 36. Ke2 Kd7 37. Kd3 Bg7 38. b4 e5 39. f4 Kd6 40.
fxe5+ Bxe5 41. a4 1/2-1/2

[Event "SR 2. liga A 2015/2016"]
[Site "?"]
[Date "2016.01.24"]
[Round "7.3"]
[White "Balogh, Peter"]
[Black "Maslik, Miroslav"]
[Result "0-1"]
[WhiteElo "2131"]
[BlackElo "2342"]
[PlyCount "100"]
[EventDate "2015.??.??"]

1. e4 c5 2. Nf3 d6 3. d4 cxd4 4. Nxd4 Nf6 5. Nc3 Nc6 6. Bc4 e6 7. Be3 Be7 8. f3
O-O 9. Bb3 Nxd4 10. Bxd4 Bd7 11. Qe2 a6 12. O-O-O Qc7 13. e5 dxe5 14. Bxe5 Qc6
15. g4 Be8 16. h4 Nd7 17. g5 Nxe5 18. Qxe5 Qc5 19. Qxc5 Bxc5 20. Rd3 Bc6 21. h5
Rfd8 22. Rhd1 Be7 23. g6 Rxd3 24. Rxd3 Rd8 25. Ne4 Rxd3 26. cxd3 Be8 27. d4
fxg6 28. hxg6 Bxg6 29. d5 Bxe4 30. fxe4 Kf7 31. dxe6+ Kf6 32. Kd2 Ke5 33. Ke3
h5 34. Bd1 Bc5+ 35. Kf3 g5 36. Kg3 g4 37. Bb3 Kf6 38. Bd5 b6 39. e5+ Kg5 40. a3
h4+ 41. Kg2 a5 42. Bb7 Be7 43. Ba6 Kf5 44. Be2 Bg5 45. b4 h3+ 46. Kg3 Bf4+ 47.
Kf2 g3+ 48. Kf3 g2 49. e7 g1=Q 50. Bd3+ Kg5 0-1

[Event "SR 2. liga A 2015/2016"]
[Site "?"]
[Date "2016.01.24"]
[Round "7.3"]
[White "Klemanic, Emil"]
[Black "Takacs, Laszlo"]
[Result "0-1"]
[WhiteElo "2159"]
[BlackElo "2197"]
[PlyCount "126"]
[EventDate "2015.??.??"]

1. e4 c5 2. Nc3 a6 3. g3 b5 4. Bg2 Bb7 5. d3 e6 6. f4 Nf6 7. Nf3 d6 8. O-O Be7
9. h3 O-O 10. Be3 Qc7 11. Ne2 Nbd7 12. g4 d5 13. e5 Ne8 14. Ng3 f6 15. exf6
Nexf6 16. g5 Ne8 17. d4 cxd4 18. Nxd4 Bc5 19. Qd2 Qd6 20. Rae1 Nc7 21. c3 b4
22. Nb3 bxc3 23. bxc3 Bxe3+ 24. Qxe3 a5 25. h4 a4 26. Nd4 Ba6 27. Rf2 Rae8 28.
Bh3 Nc5 29. Bf1 Bc4 30. h5 Rf7 31. Qe5 Qxe5 32. Rxe5 Bxf1 33. Rxf1 Nd3 34. Re3
Nxf4 35. Ngf5 Nxh5 36. Nd6 Rxf1+ 37. Kxf1 Rf8+ 38. Ke2 Nf4+ 39. Kd2 h5 40. gxh6
gxh6 41. Kc2 h5 42. c4 dxc4 43. Nxc4 Ncd5 44. Rg3+ Kh7 45. Ne5 Rg8 46. Rxg8
Kxg8 47. Kb2 h4 48. Ka3 h3 49. Ndf3 Nc3 50. Kb4 Nfd5+ 51. Ka3 Kg7 52. Nd3 Ne4
53. Kxa4 Kg6 54. Kb3 Kf5 55. a4 Kg4 56. Nde1 Kg3 57. a5 Kf2 58. a6 Nc5+ 59. Kc4
Nxa6 60. Kd4 Ne3 61. Ng5 Nf5+ 62. Ke5 h2 63. Nd3+ Ke3 0-1

[Event "SR 2. liga A 2015/2016"]
[Site "?"]
[Date "2016.01.24"]
[Round "7.3"]
[White "Cibulka, Vladimir"]
[Black "Gabris, Ondrej"]
[Result "1/2-1/2"]
[WhiteElo "2166"]
[BlackElo "2205"]
[PlyCount "78"]
[EventDate "2015.??.??"]

1. d4 Nf6 2. Nf3 g6 3. Bf4 Bg7 4. c3 d6 5. h3 O-O 6. e3 c5 7. Be2 Qb6 8. Qb3
Nc6 9. Nbd2 Qxb3 10. axb3 cxd4 11. exd4 e5 12. dxe5 dxe5 13. Be3 Nd5 14. Bc5
Rd8 15. O-O Be6 16. Rfd1 Nf4 17. Bf1 Nd3 18. Ba3 Nf4 19. Ng5 h6 20. Nxe6 Nxe6
21. Nc4 Rxd1 22. Rxd1 Rd8 23. Rxd8+ Nexd8 24. Nd6 Bf8 25. Bc4 Kg7 26. Bd5 Bxd6
27. Bxd6 Kf6 28. b4 a6 29. Kf1 Ne7 30. Be4 Ke6 31. Bc7 Ndc6 32. Ke2 Nd5 33.
Bxd5+ Kxd5 34. Kd3 b5 35. b3 e4+ 36. Ke3 Ne5 37. f3 exf3 38. Bxe5 Kxe5 39. Kxf3
f5 1/2-1/2

[Event "SR 2. liga A 2015/2016"]
[Site "?"]
[Date "2016.01.24"]
[Round "7.3"]
[White "Janos, Ivan"]
[Black "Kalmar, Tamas"]
[Result "1/2-1/2"]
[WhiteElo "2062"]
[BlackElo "2013"]
[PlyCount "77"]
[EventDate "2015.??.??"]

1. e4 c6 2. d4 d5 3. e5 Bf5 4. Nf3 e6 5. Be2 Nd7 6. Nbd2 Qb6 7. O-O Bg4 8. a4
Ne7 9. a5 Qc7 10. Re1 a6 11. h3 Bh5 12. Nb3 c5 13. Nxc5 Nxc5 14. dxc5 Nc6 15.
Be3 Be7 16. c3 Bxf3 17. Bxf3 Nxe5 18. Bd4 Nxf3+ 19. Qxf3 O-O 20. Qg4 g6 21. b4
Qd7 22. Qe2 Qc7 23. Qe3 Rfe8 24. Qf3 Bg5 25. Be5 Qe7 26. Rad1 Rad8 27. Rd4 f6
28. Bd6 Qf7 29. h4 Bh6 30. Red1 Bg7 31. Qg3 Rd7 32. R4d3 Red8 33. Qe3 Bf8 34.
Bxf8 Kxf8 35. Qh6+ Qg7 36. Qd2 Qf7 37. Qh6+ Qg7 38. Qe3 Qf7 39. Qh6+ 1/2-1/2

[Event "SR 2. liga A 2015/2016"]
[Site "?"]
[Date "2016.01.24"]
[Round "7.3"]
[White "Veselsky, Jozef"]
[Black "Michal, Silvio"]
[Result "1-0"]
[WhiteElo "2088"]
[BlackElo "2130"]
[PlyCount "51"]
[EventDate "2015.??.??"]

1. d4 Nf6 2. Nf3 e6 3. g3 b6 4. Bg2 Bb7 5. O-O c5 6. c3 Be7 7. Nbd2 O-O 8. dxc5
bxc5 9. Qa4 d5 10. Ne5 Nfd7 11. Ndf3 f6 12. Nxd7 Nxd7 13. Qc2 Qc7 14. b3 a5 15.
Rd1 Rfc8 16. Ba3 Nb6 17. Nd2 c4 18. Bxe7 Qxe7 19. Rab1 Bc6 20. Rdc1 cxb3 21.
axb3 a4 22. bxa4 Nxa4 23. Qd3 Nc5 24. Qe3 Ra3 25. Qd4 Qd6 26. Nc4 1-0

[Event "SR 2. liga A 2015/2016"]
[Site "?"]
[Date "2016.01.24"]
[Round "7.3"]
[White "Hulla, Stanislav"]
[Black "Ivan, Imrich Ml"]
[Result "1/2-1/2"]
[WhiteElo "1938"]
[BlackElo "2017"]
[PlyCount "81"]
[EventDate "2015.??.??"]

1. d4 e6 2. Bf4 f5 3. Nf3 Nf6 4. e3 Be7 5. c4 O-O 6. Nc3 b6 7. Bd3 Bb7 8. Qc2
d6 9. Ng5 Qc8 10. d5 e5 11. Bxf5 Nbd7 12. Bg3 g6 13. Be6+ Kh8 14. Nce4 Nxe4 15.
Nxe4 Qe8 16. O-O Nc5 17. Nxc5 bxc5 18. f4 exf4 19. Bxf4 Kg7 20. Rae1 Bf6 21.
Kh1 Bc8 22. Bxc8 Rxc8 23. e4 Be5 24. Qd2 Bxf4 25. Rxf4 Qe5 26. Rxf8 Rxf8 27.
Kg1 Rb8 28. b3 Rf8 29. g3 h5 30. Qe3 g5 31. Re2 Kg6 32. Rf2 Re8 33. Qf3 Re7 34.
Qf5+ Qxf5 35. exf5+ Kf6 36. h3 g4 37. hxg4 hxg4 38. Rf4 Re1+ 39. Kg2 Re2+ 40.
Rf2 Re1 41. Rf4 1/2-1/2

[Event "SR 2. liga A 2015/2016"]
[Site "?"]
[Date "2016.01.24"]
[Round "7.3"]
[White "Vegh, Vince"]
[Black "Badura, Peter"]
[Result "1-0"]
[WhiteElo "1935"]
[BlackElo "1927"]
[PlyCount "101"]
[EventDate "2015.??.??"]

1. e4 c5 2. Nf3 d6 3. d4 cxd4 4. Nxd4 Nf6 5. Nc3 a6 6. Be2 e6 7. Be3 Be7 8. O-O
O-O 9. Kh1 Qc7 10. f4 b6 11. Qe1 Bb7 12. Bd3 Ng4 13. Bd2 Nc6 14. Nxc6 Bxc6 15.
Qg3 f5 16. exf5 exf5 17. h3 Nh6 18. Rfe1 Qd7 19. Bc4+ d5 20. Nxd5 Bxd5 21. Rxe7
Qxe7 22. Bxd5+ Kh8 23. Bxa8 Rxa8 24. Bc3 Kg8 25. Re1 Qd7 26. Qg5 Ra7 27. Re3
Qc7 28. Rd3 Ra8 29. Be5 Qb7 30. Rd6 Kf8 31. Bxg7+ Qxg7 32. Qxh6 b5 33. Rf6+ Kg8
34. Qxg7+ Kxg7 35. Rxf5 Rd8 36. Rc5 Rd1+ 37. Kh2 Ra1 38. c4 bxc4 39. Rxc4 Rxa2
40. Rb4 h5 41. Kg3 Kg6 42. Kh4 a5 43. Rb5 a4 44. g4 hxg4 45. hxg4 Ra1 46. Rb6+
Kg7 47. Kg5 Rb1 48. Rb7+ Kf8 49. Kf6 Ke8 50. g5 a3 51. Re7+ 1-0

[Event "SR 2. liga A 2015/2016"]
[Site "?"]
[Date "2016.01.24"]
[Round "7.3"]
[White "Kosnac, Patrik"]
[Black "Darazs, Zoltan"]
[Result "0-1"]
[WhiteElo "1777"]
[BlackElo "2160"]
[PlyCount "108"]
[EventDate "2015.??.??"]

1. d4 Nf6 2. c4 g6 3. Nc3 d5 4. Nf3 Bg7 5. Bf4 O-O 6. e3 c5 7. dxc5 Qa5 8. Rc1
dxc4 9. Bxc4 Qxc5 10. Nb5 Be6 11. Bxe6 Qxb5 12. Bb3 Nh5 13. Qe2 Qb4+ 14. Qd2
Nc6 15. Rc2 Nxf4 16. exf4 Rfd8 17. Qxb4 Nxb4 18. Rc4 Bxb2 19. Ke2 Nc6 20. Rb1
Bf6 21. Ba4 Na5 22. Rc7 Rac8 23. Rbc1 Rxc7 24. Rxc7 e6 25. g4 Bd4 26. h4 a6 27.
Ng5 Bb6 28. Re7 Rf8 29. Be8 Bd8 30. Bxf7+ Rxf7 31. Rxf7 Bxg5 32. Rc7 Bxf4 33.
Rc8+ Kg7 34. g5 h6 35. Rc5 Nc6 36. gxh6+ Bxh6 37. h5 g5 38. Kf3 Kf6 39. Kg4 Bf8
40. Rc1 Ne5+ 41. Kg3 Nf7 42. Kf3 Nh6 43. Rc7 g4+ 44. Ke4 Nf5 45. Kd3 Nd6 46.
Rd7 Kg5 47. Rd8 Be7 48. Rd7 Nf5 49. Rxb7 Kxh5 50. Rb6 Bc5 51. Rxe6 Bxf2 52.
Rxa6 g3 53. Ke2 Kg4 54. Kf1 Kf3 0-1

[Event "SR 2. liga A 2015/2016"]
[Site "?"]
[Date "2016.01.24"]
[Round "7.4"]
[White "Cech, Dominik"]
[Black "Dolnak, Michal"]
[Result "0-1"]
[WhiteElo "2128"]
[BlackElo "2206"]
[PlyCount "82"]
[EventDate "2015.??.??"]

1. e4 e5 2. Nf3 Nc6 3. Bb5 Nf6 4. Qe2 d6 5. d4 Bd7 6. d5 Ne7 7. Bxd7+ Nxd7 8.
O-O Ng6 9. c4 Be7 10. Nc3 O-O 11. Be3 a5 12. a3 f5 13. exf5 Rxf5 14. b4 Nf4 15.
Bxf4 Rxf4 16. Nd2 Qe8 17. g3 Rf8 18. Nde4 Qg6 19. Qe3 b6 20. Nb5 Rfc8 21. Rfd1
Kh8 22. Rab1 axb4 23. axb4 Nf6 24. Nxf6 Bxf6 25. Ra1 Qg4 26. Qb3 h5 27. Rdc1
Bd8 28. Na7 Rcb8 29. Nc6 Rc8 30. Na7 Rcb8 31. Nc6 Rc8 32. Ra2 Bg5 33. Rca1 Rxa2
34. Rxa2 Rf8 35. Kg2 h4 36. h3 Qe4+ 37. f3 Qe1 38. Rf2 hxg3 39. Rb2 Be3 40. h4
Qg1+ 41. Kh3 Qh1+ 0-1

[Event "SR 2. liga A 2015/2016"]
[Site "?"]
[Date "2016.01.24"]
[Round "7.4"]
[White "Slacky, Stanislav"]
[Black "Bednar, Jan"]
[Result "1/2-1/2"]
[WhiteElo "2183"]
[BlackElo "2104"]
[PlyCount "81"]
[EventDate "2015.??.??"]

1. d4 f5 2. Nf3 Nf6 3. g3 e6 4. Bg2 d5 5. O-O Bd6 6. b3 O-O 7. c4 c6 8. Ba3
Bxa3 9. Nxa3 Qe7 10. Nc2 Bd7 11. Nce1 Be8 12. Nd3 Nbd7 13. Qc2 Bh5 14. Nfe5
Nxe5 15. Nxe5 Nd7 16. Nd3 Rad8 17. f3 Bg6 18. Qc3 h5 19. Rae1 h4 20. Nf4 Bf7
21. e4 hxg3 22. exf5 gxh2+ 23. Kh1 Qg5 24. Nxe6 Qxf5 25. Nxd8 Rxd8 26. f4 Nf6
27. Re5 Qh7 28. c5 Ng4 29. Rg5 Nf6 30. Qg3 Ne4 31. Bxe4 dxe4 32. f5 e3 33. Qxh2
Rxd4 34. Qxh7+ Kxh7 35. Re1 Re4 36. Rg3 e2 37. Rg2 Bh5 38. Kg1 Rd4 39. Rh2 Kh6
40. Kg2 Kg5 41. b4 1/2-1/2